Muž, čo mal odvahu spustiť reformu školstva prof. Ing. Ján Mikolaj, CSc., minister školstva, vedy, výskumu a športu SR v rokoch 2006 až 2010

Bibliographic Details
Main Authors: Pajtinka, Ľubomír, 1955- (Author, Interviewer), Mikolaj, Ján, 1953- (Author)
Format: Article
Language:Slovak
PhysicalDescription:Fotogr.
ISSN:0231-6463
Subjects:

MARC

LEADER 00000nab a2200000 ar4500
001 vtls010679089
003 SK-MaSNL
005 20260426071824.0
008 150514c2015 xo mr|p|||n| |000 b|slo
015 |a SNBRB2015/05 
038 |a SPK 
040 |a SPKCL  |b slo  |c AACR2  |e AACR2 
041 0 |a slo 
044 |a xo  |c SK 
072 7 |a 371  |x Školstvo (organizácia)  |2 konspekt 
072 7 |a 352/354  |x Stupne miestnej, oblastnej a ústrednej správy  |2 konspekt 
080 |a 371  |x (437.6)  |2 2001 
080 |a 354.32-051  |2 2001 
100 1 |a Pajtinka, Ľubomír,  |d 1955-  |4 ivr  |4 aut  |9 107309 
245 1 0 |a Muž, čo mal odvahu spustiť reformu školstva  |b prof. Ing. Ján Mikolaj, CSc., minister školstva, vedy, výskumu a športu SR v rokoch 2006 až 2010  |c Ľubomír Pajtinka 
300 |b Fotogr. 
504 |a Bibliogr. odkazy 
600 1 7 |a Mikolaj, Ján,  |d 1953-  |2 snkbucl  |9 88543 
648 7 |a 2006-2010  |2 snkbucl  |9 414144 
650 0 7 |a školstvo  |2 snkbucl  |9 19712 
650 0 7 |a ministri školstva  |2 snkbucl  |9 59362 
650 0 7 |a školské reformy  |2 snkbucl  |9 50060 
650 0 7 |a štátny jazyk  |2 snkbucl  |9 19393 
650 0 7 |a vlastenectvo  |2 snkbucl  |9 16817 
651 7 |a Slovensko  |2 snkbucl  |9 14231 
655 7 |a rozhovory  |2 snkbucl  |9 31831 
700 1 |a Mikolaj, Ján,  |d 1953-  |4 ive  |4 aut  |9 88543 
773 0 |t Rodina a škola  |g Roč. 63, č. 5 (2015), s. 8-9  |x 0231-6463 
852 |a SPK  |b KIS3GCP 
958 |a NB  |2 snkbucl 
999 |c 2682425  |d 2684355